IFM Opac

Computerized Cataloguing (Record no. 19110)

MARC details
000 -LEADER
fixed length control field 00362nam a22001457a 4500
020 ## - INTERNATIONAL STANDARD BOOK NUMBER
International Standard Book Number 0851573770
082 ## - DEWEY DECIMAL CLASSIFICATION NUMBER
Classification number 025. 3202854 HUN
100 ## - MAIN ENTRY--PERSONAL NAME
Personal name HUNTER, ERICK. J
245 ## - TITLE STATEMENT
Title Computerized Cataloguing
260 ## - PUBLICATION, DISTRIBUTION, ETC.
Place of publication, distribution, etc. London
Name of publisher, distributor, etc. Clive Bingley
Date of publication, distribution, etc. 1985
300 ## - PHYSICAL DESCRIPTION
Extent xxiv,215p.
Other physical details ill.;22cm
500 ## - GENERAL NOTE
General note Include: Index
650 ## - SUBJECT ADDED ENTRY--TOPICAL TERM
Topical term or geographic name entry element Computerized Cataloguing
942 ## - ADDED ENTRY ELEMENTS (KOHA)
Koha item type Books
Holdings
Withdrawn status Lost status Damaged status Not for loan Home library Current library Shelving location Date acquired Total Checkouts Full call number Barcode Date last seen Price effective from Koha item type
        IFM Main Campus Library IFM Main Campus Library Archival Collection 05/15/2015   025. 3202854 HUN 0000012611 10/11/2017 02/19/2022 Books